| 000 | 00549nam a22001937a 4500 | ||
|---|---|---|---|
| 003 | OSt | ||
| 005 | 20140310182217.0 | ||
| 008 | 130907t xxu||||| |||| 00| 0 eng d | ||
| 050 |
_aSB 457 _b.M112 1973 |
||
| 082 |
_aHS 635 _bM11 1973 |
||
| 100 |
_aMabe, Rex E. _917121 |
||
| 245 |
_aGardening with ferns / _cRex E. Mabe ; illustration R. Gabriel. |
||
| 260 |
_aGreensboro : _bPotpourri Press, _cc1973. |
||
| 300 |
_a47 p. ; _bill. ; _c20 cm. |
||
| 650 |
_aGardening. _916951 |
||
| 700 |
_aGabriel, R. _917122 |
||
| 942 |
_2lcc _cHS |
||
| 999 |
_c10621 _d10621 |
||